Chile actual: anatomía de un mito

Gespeichert in:
Bibliographische Detailangaben
1. Verfasser: Moulian Emparanza, Tomás (autor)
Format: Buch
Sprache:Spanisch
Veröffentlicht: Santiago LOM 2002
Ausgabe:3a. ed
Schriftenreihe:Colección Escafandra
Schlagworte:
Tags: Tag hinzufügen
Keine Tags, Fügen Sie den ersten Tag hinzu!

MARC

LEADER 00000cam a2200000 a 4500
001 UCJ0980
003 CL-VaPUC
008 060929e20020000CL |||||||||||||||||spa|d
020 |a 9562824322 
082 0 4 |a 983.064  |b MOU  |2 21 
100 |a Moulian Emparanza, Tomás  |e autor  |9 563337 
245 1 0 |a Chile actual: anatomía de un mito 
250 |a 3a. ed 
300 |a 355 p 
942 |c BK 
945 |d 20060929 00:00:00  |a cmena 
260 |a Santiago  |b LOM  |c 2002 
650 0 |a Historia de Chile  |9 265473 
650 0 |a Cambio social   |9 256857 
650 0 |a Derechos humanos  |9 223025 
650 0 |a Democracia  |9 255256 
650 0 |a Historia política  |9 256974 
650 0 |a Política y gobierno  |9 255151 
651 7 |a CHILE  |2 CL-VaPUC  |9 501490 
583 |a last modification  |c 20160614 12:12:09  |k Rodrigo Vera 
490 0 |a Colección Escafandra 
999 |c 317713  |d 317711 
952 |0 0  |1 0  |4 0  |6 983_064000000000000_MOU_2002  |7 0  |8 R  |9 394590  |a BIBGIM  |b BIBGIM  |d 2019-11-22  |i 4206355  |o 983.064 MOU 2002  |p 4206355  |r 2025-01-15  |w 2019-11-22  |y BK_R  |k SSL 
952 |0 0  |1 0  |3 erb  |4 0  |6 983_064000000000000_MOU_2002  |7 0  |8 A  |9 394591  |a BIBCUR  |b BIBCUR  |i 5293847  |o 983.064 MOU 2002  |p 5293847  |r 2025-04-22  |w 2019-11-22  |y BK  |z Catalogado en:20160616  |k PER